Afrikan itsehallintoalueiden lippuja - Statistics

Yleistilastot
  • Tätä visaa on pelattu 21 kertaa
  • Keskiarvotulos 4 / 12
Vastaustilastot
Kuvavisa Hint Vastaus % Oikein
Somalia Somalimaa
83%
Tansania Sansibar
58%
Ranska Réunion
50%
Espanja Ceuta
42%
Ranska Mayotte
42%
São Tomé ja Príncipe Príncipe
25%
Guinea-Bissau Bissau
17%
Komorit Iso-Komori
17%
Espanja Melilla
17%
Somalia Puntmaa
8%
Somalia Lounais-Somalia
0%
Mauritius Rodrigues
0%
Ehtoja vastaavia visoja ei löytynyt
Tulosjakauma
Jokaisen tuloksen saaneiden osuus
Persentiili vastausten määrän mukaan
Tuloshistoriasi
Et ole pelannut tätä visaa